<?xml version="1.0" encoding="UTF-8"?>
<record
    xmlns:xsi="http://www.w3.org/2001/XMLSchema-instance"
    xsi:schemaLocation="http://www.loc.gov/MARC21/slim http://www.loc.gov/standards/marcxml/schema/MARC21slim.xsd"
    xmlns="http://www.loc.gov/MARC21/slim">

  <leader>01004nam a2200217 i 4500</leader>
  <controlfield tag="001">65765</controlfield>
  <controlfield tag="003">ES-MaACL</controlfield>
  <controlfield tag="005">20250814071832.0</controlfield>
  <controlfield tag="007">t|</controlfield>
  <controlfield tag="008">040121s1972    sp           ||||1| spa d</controlfield>
  <datafield tag="110" ind1="2" ind2=" ">
    <subfield code="a">Instituto de Geograf&#xED;a Aplicada</subfield>
    <subfield code="9">4949</subfield>
  </datafield>
  <datafield tag="245" ind1="1" ind2="0">
    <subfield code="a">Archivo de planos del Servicio Geogr&#xE1;fico del Ej&#xE9;rcito </subfield>
    <subfield code="b">: cat&#xE1;logo de mapas. Castilla la Nueva : mapas generales. Madrid: capital y provincia : siglos XVII a XIX / </subfield>
    <subfield code="c">Instituto de Geograf&#xED;a Aplicada.</subfield>
  </datafield>
  <datafield tag="260" ind1=" " ind2=" ">
    <subfield code="a">Madrid : </subfield>
    <subfield code="b">Instituto de Geograf&#xED;a Aplicada. Consejo Superior de Investigaciones Cient&#xED;ficas, </subfield>
    <subfield code="c">1972.</subfield>
  </datafield>
  <datafield tag="300" ind1=" " ind2=" ">
    <subfield code="a">XXI, 193 p. ; </subfield>
    <subfield code="c">26 cm.</subfield>
  </datafield>
  <datafield tag="490" ind1="1" ind2=" ">
    <subfield code="a">Fuentes Cartogr&#xE1;ficas Espa&#xF1;olas ; </subfield>
    <subfield code="v">1</subfield>
  </datafield>
  <datafield tag="610" ind1="2" ind2="4">
    <subfield code="a">Espa&#xF1;a. </subfield>
    <subfield code="b">Servicio Geogr&#xE1;fico del Ej&#xE9;rcito. </subfield>
    <subfield code="b">Archivo de Planos-</subfield>
    <subfield code="v">Cat&#xE1;logos.</subfield>
    <subfield code="9">158150</subfield>
  </datafield>
  <datafield tag="651" ind1=" " ind2="4">
    <subfield code="a">Castilla la Nueva-</subfield>
    <subfield code="v">Mapas-</subfield>
    <subfield code="v">Bibliograf&#xED;as.</subfield>
    <subfield code="9">158151</subfield>
  </datafield>
  <datafield tag="830" ind1="0" ind2=" ">
    <subfield code="a">Fuentes Cartogr&#xE1;ficas Espa&#xF1;olas ; </subfield>
    <subfield code="v">1</subfield>
    <subfield code="9">230765</subfield>
  </datafield>
  <datafield tag="852" ind1=" " ind2=" ">
    <subfield code="a">ES-MaACL</subfield>
    <subfield code="j">P-1525 </subfield>
    <subfield code="b">R.84254</subfield>
  </datafield>
  <datafield tag="999" ind1=" " ind2=" ">
    <subfield code="c">65765</subfield>
    <subfield code="d">65765</subfield>
  </datafield>
  <datafield tag="952" ind1=" " ind2=" ">
    <subfield code="0">0</subfield>
    <subfield code="1">0</subfield>
    <subfield code="4">0</subfield>
    <subfield code="7">0</subfield>
    <subfield code="a">ATENEOM</subfield>
    <subfield code="b">ATENEOM</subfield>
    <subfield code="c">DEPO2</subfield>
    <subfield code="d">2008-01-17</subfield>
    <subfield code="e">SC</subfield>
    <subfield code="l">0</subfield>
    <subfield code="o">P-1525</subfield>
    <subfield code="p">1068897</subfield>
    <subfield code="r">2023-02-23 00:00:00</subfield>
    <subfield code="w">2023-02-23</subfield>
    <subfield code="y">MONOGRAFIA</subfield>
  </datafield>
</record>
